Traité de géométrie
Guardat en:
| Autors principals: | , |
|---|---|
| Format: | Llibre |
| Idioma: | francès |
| Publicat: |
París
Gauthier-Villars
1954
|
| Matèries: | |
| Etiquetes: |
Afegir etiqueta
Sense etiquetes, Sigues el primer a etiquetar aquest registre!
|
MARC
| LEADER | 00000nam a2200000 a 4500 | ||
|---|---|---|---|
| 001 | UCQ8344 | ||
| 003 | CL-VaPUC | ||
| 008 | 981209e19540000FR |||||||||||||||||fre|d | ||
| 082 | 0 | 4 | |a 516 |b ROU |2 21 |
| 100 | 0 | |a Rouché, Eugène |e author |9 422282 | |
| 700 | 0 | |a Comberousse, Charles Jules Felix de |e author |9 422283 | |
| 245 | 1 | 0 | |a Traité de géométrie |
| 300 | |a v | ||
| 942 | |c BK | ||
| 945 | |d 19981209 00:00:00 |a crobeson | ||
| 260 | |a París |b Gauthier-Villars |c 1954 | ||
| 500 | |a v.1: Geometrie plane | ||
| 500 | |a v.2: Geometrie dans l'espace | ||
| 650 | 0 | |a Geometría |9 264063 | |
| 650 | 7 | |a GEOMETRIA CLASICA |2 CL-VaPUC |9 422284 | |
| 650 | 7 | |a GEOMETRIA DE PLANOS |2 CL-VaPUC |9 422285 | |
| 650 | 0 | |a Geometría euclidiana |9 270055 | |
| 583 | |a last modification |c 19981209 00:00:00 |k Rodrigo Vera | ||
| 999 | |c 277629 |d 277627 | ||
| 952 | |0 0 |1 0 |4 0 |6 516_000000000000000_ROU_1954 |7 0 |8 A |9 315667 |a BIBMAT |b BIBMAT |d 2019-11-20 |h v.2 |i 1301454 |o 516 ROU 1954 |p 1301454 |r 2025-01-07 |w 2019-11-20 |y BK |k MAT | ||
| 952 | |0 0 |1 0 |4 0 |6 516_000000000000000_ROU_1954 |7 0 |8 A |9 315668 |a BIBMAT |b BIBMAT |d 2019-11-20 |h v.1 |i 1301462 |o 516 ROU 1954 |p 1301462 |r 2025-01-07 |w 2019-11-20 |y BK |k MAT | ||